Statistics for Most Populous Asian Countries

Click here to take the quiz!

General Stats

  • This quiz has been taken 42 times
  • The average score is 23 of 24

Answer Stats

RankPopulationCountry% Correct
11.45BChina
100%
21.39BIndia
100%
3276MIndonesia
100%
7111MPhilippines
100%
1351.3MSouth Korea
100%
985.3MTurkey
100%
6126MJapan
97%
1256.2MMyanmar
97%
2225.8MNorth Korea
97%
4225MPakistan
97%
1169.9MThailand
97%
898.3MVietnam
97%
5166MBangladesh
95%
1085.2MIran
95%
1735.8MSaudi Arabia
95%
1441.3MIraq
92%
1932.6MMalaysia
92%
2421.6MSri Lanka
90%
2323.8MTaiwan
90%
1539.7MAfghanistan
87%
1636MRussia
87%
2129.8MNepal
85%
2030.2MYemen
85%
1834MUzbekistan
82%

Score Distribution

Percentile by Number Answered

Percent of People with Each Score

Your Score History

You have not taken this quiz